The Cambridge English course. 2. : Student's Book /
Gespeichert in:
| Hauptverfasser: | , |
|---|---|
| Format: | Buch |
| Sprache: | Englisch |
| Veröffentlicht: |
Praha :
Státní pedagogické nakladatelství,
1991
|
| Ausgabe: | 1.vyd. |
| Schlagworte: | |
| Tags: |
Keine Tags, Fügen Sie das erste Tag hinzu!
|
MARC
| LEADER | 00000nam a22000003a 4500 | ||
|---|---|---|---|
| 001 | stu1452 | ||
| 005 | 20150617225656.0 | ||
| 008 | 920327s1991----cs------------------eng-d | ||
| 040 | |a STU |b slo | ||
| 041 | 0 | |a eng | |
| 044 | |a cs | ||
| 080 | |a 802.0(075) | ||
| 100 | 1 | |a Swan, Michael |4 aut | |
| 245 | 1 | |a The Cambridge English course. 2. : |b Student's Book / |c [aut.] Swan,Michael; Walter,Catherine | |
| 250 | |a 1.vyd. | ||
| 260 | |a Praha : |b Státní pedagogické nakladatelství, |c 1991 | ||
| 650 | 7 | |a angličtina |2 stusub | |
| 700 | 1 | |a Walter, Catherine |4 aut | |
| 996 | |b E76326 |c E*76326 |l EE04 |s P |a 0 |w stu1452_0001 | ||
| 996 | |b E76325 |c E*76325 |l EE04 |s P |a 0 |w stu1452_0002 | ||